Making nature whole : A history of ecological restoration

Đã lưu trong:
Sonraí Bibleagrafaíochta
Príomhúdar:  Jordan, William R
Formáid: Sách
Teanga:Undetermined
Foilsithe:  Oisland press  2011
Ábhair:
Clibeanna: Cuir Clib Leis
Gan Chlibeanna, Bí ar an gcéad duine leis an taifead seo a chlibeáil!
Thư viện lưu trữ: Trung tâm Thư viện - Trường Đại học Công nghiệp TP. Hồ Chí Minh
LEADER 00506nam a2200157Ia 4500
001 UIH_05952
008 231011s9999 xx 000 0 und d
082 |a  333.7153 
100 |a  Jordan, William R 
245 0 |a  Making nature whole : A history of ecological restoration 
245 0 |c  Jordan, William R 
260 |b  Oisland press 
260 |c  2011 
650 |a  Restoration ecology;  
927 |a Sách 
980 |a Trung tâm Thư viện - Trường Đại học Công nghiệp TP. Hồ Chí Minh